|
|
|
|
| LEADER |
00000nab a2200000 i 4500 |
| 001 |
publ418 |
| 005 |
20220405082316.0 |
| 008 |
220405s2008 hu o 000 zxx d |
| 040 |
|
|
|a BGE Publikációtár Repozitórium
|b hun
|
| 100 |
1 |
|
|a Gáspár Attila
|
| 245 |
1 |
0 |
|a Konvergencia-vizsgálatok az Európai Unióban
|c Gáspár Attila
|h [elektronikus dokumentum]
|
| 260 |
|
|
|c 2008
|
| 300 |
|
|
|a 35-44
|
| 490 |
0 |
|
|a EU Working Papers
|v No. 1. sz.
|
| 650 |
|
4 |
|a közgazdaságtudományok
|
| 695 |
|
|
|a Konvergencia
|
| 695 |
|
|
|a Európai Unió
|
| 700 |
1 |
|
|a Ferkelt Balázs
|e aut
|
| 856 |
4 |
0 |
|u https://publikaciotar.uni-bge.hu/id/eprint/418/1/2008_1_03.pdf
|z Dokumentum-elérés
|